Lecture experiments in chemistry /

Gorde:
Xehetasun bibliografikoak
Egile nagusia: Fowles, G. (autor)
Formatua: Liburua
Hizkuntza:ingelesa
Argitaratua: Filadelfia, EUA : Blakiston, 1937, c1937
Gaiak:
Etiketak: Etiketa erantsi
Etiketarik gabe, Izan zaitez lehena erregistro honi etiketa jartzen!

MARC

LEADER 00000nam^a2200000^a^4500
001 000064226
005 20250521000000.0
009 20260310091055.112
037 |a Acervo ITESO - Biblioteca 
041 |a ING 
082 |a 542.  |b FOW 
100 |a Fowles, G.  |e (autor) 
245 1 0 |a Lecture experiments in chemistry /  |c G. Fowles. 
264 4 |a Filadelfia, EUA :  |b Blakiston,  |c 1937, c1937 
300 |a 564 p. 
336 |a texto  |b txt  |2 rdacontenido 
337 |a sin mediación  |b n  |2 rdamedio 
338 |a volumen  |b nc  |2 rdasoporte 
649 |a XX 
650 |a Química -  |x Laboratorios 
910 |a Fondo General 
920 |a Impresos - Libros 
930 |a Colección General 
905 |a 101 
901 |a 0500017498  |b IT1  |c ACC  |u 20250521 
902 |a https://opac.biblio.iteso.mx/vufind/Record/000064226